[Event "Campionatul National de sah pe echipe f"]
[Site "Mamaia-Constanta"]
[Date "2013.09.03"]
[Round "4.4"]
[White "Serbanescu, Diana-Maria"]
[Black "Dumitrescu, Madalina-Alexandra"]
[Result "1-0"]
[WhiteElo "1941"]
[BlackElo "1683"]
[PlyCount "85"]
[EventDate "2013.08.31"]
[EventRounds "9"]
[WhiteTeam "ACS SAH APA NOVA BUCURESTI"]
[BlackTeam "CLUBUL CENTRAL DE SAH BUCURESTI"]

1. e4 e5 2. Nf3 Nc6 3. d4 exd4 4. Nxd4 Bc5 5. Nb3 Bb6 6. Nc3 Qf6 7. Qe2 Nge7 8.
Be3 O-O 9. O-O-O Bxe3+ 10. Qxe3 a6 11. f3 b5 12. g4 Ne5 13. Nd2 Bb7 14. g5 Qe6
15. f4 N5c6 16. Bh3 f5 17. gxf6 Qxf6 18. Rdf1 d6 19. Rhg1 b4 20. Ne2 a5 21. Ng3
Qd4 22. Qb3+ Kh8 23. Nf5 Nxf5 24. Bxf5 Ne7 25. Bxh7 Kxh7 26. Rg4 Qf6 27. Nf3
Rf7 28. Ng5+ Kg8 29. Rh4 d5 30. Rh8+ Kxh8 31. Qh3+ Kg8 32. Qh7+ Kf8 33. Qh8+
Ng8 34. Nh7+ Ke7 35. Nxf6 gxf6 36. Rg1 dxe4 37. Rxg8 Rxg8 38. Qxg8 Ke6 39. f5+
Ke7 40. Qb8 Bd5 41. Qxc7+ Kf8 42. Qd6+ Re7 43. Qxd5 1-0

[Event "Campionatul National de sah pe echipe f"]
[Site "Mamaia-Constanta"]
[Date "2013.09.03"]
[Round "4.1"]
[White "Florea, Dorina"]
[Black "Cmilyte, Viktorija"]
[Result "0-1"]
[WhiteElo "1863"]
[BlackElo "2497"]
[PlyCount "35"]
[EventDate "2013.08.31"]
[EventRounds "9"]
[WhiteTeam "CS UNIVERSITATEA ARAD"]
[BlackTeam "CS POLITEHNICA-ANTIBIOTICE IASI"]

1. b4 e5 2. Bb2 d6 3. b5 Nf6 4. Nf3 Be7 5. e3 O-O 6. Be2 e4 7. Nd4 c5 8. Nb3
Be6 9. c4 Nbd7 10. a4 Nb6 11. Qc2 d5 12. cxd5 Qxd5 13. Na5 Qg5 14. g3 Nbd5 15.
Nxb7 Nb4 16. Qd1 Nd3+ 17. Bxd3 exd3 18. O-O 0-1

[Event "Campionatul National de sah pe echipe f"]
[Site "Mamaia-Constanta"]
[Date "2013.09.03"]
[Round "4.2"]
[White "Bulmaga, Irina"]
[Black "Olea, Liliana"]
[Result "1-0"]
[WhiteElo "2410"]
[BlackElo "1888"]
[PlyCount "67"]
[EventDate "2013.08.31"]
[EventRounds "9"]
[WhiteTeam "CS POLITEHNICA-ANTIBIOTICE IASI"]
[BlackTeam "CS UNIVERSITATEA ARAD"]

1. e4 e5 2. Nf3 Nc6 3. Bb5 g6 4. O-O Bg7 5. c3 d6 6. d4 Bd7 7. d5 Nb8 8. Bd3
Ne7 9. c4 O-O 10. Nc3 f5 11. c5 fxe4 12. Bxe4 Bf5 13. Ng5 Na6 14. Bxf5 Rxf5 15.
g4 Rxg5 16. Bxg5 Nxc5 17. b4 Nd7 18. Ne4 Nb6 19. f4 exf4 20. Bf6 Nbxd5 21. Bxg7
Kxg7 22. Qd4+ Kg8 23. Rxf4 Nxf4 24. Nf6+ Kf7 25. Qxf4 Nc6 26. g5 h5 27. Nxh5+
Kg8 28. Nf6+ Kg7 29. Qh4 Qh8 30. Qg3 Ne5 31. Rc1 c6 32. Rd1 Rd8 33. Rd4 Nd7 34.
Qxd6 1-0

[Event "Campionatul National de sah pe echipe f"]
[Site "Mamaia-Constanta"]
[Date "2013.09.03"]
[Round "4.3"]
[White "Berintan, Teodora"]
[Black "L'ami, Alina"]
[Result "0-1"]
[WhiteElo "1849"]
[BlackElo "2358"]
[PlyCount "38"]
[EventDate "2013.08.31"]
[EventRounds "9"]
[WhiteTeam "CS UNIVERSITATEA ARAD"]
[BlackTeam "CS POLITEHNICA-ANTIBIOTICE IASI"]

1. d4 Nf6 2. c4 g6 3. Nc3 Bg7 4. e4 d6 5. f3 O-O 6. Bg5 Nc6 7. Qd2 a6 8. g3 Rb8
9. a4 Bd7 10. b3 Nxd4 11. Qd1 c5 12. Rb1 b5 13. axb5 axb5 14. cxb5 Nxb5 15.
Nxb5 Rxb5 16. Bxf6 Bxf6 17. Ne2 Qa5+ 18. Kf2 Rfb8 19. Qc2 Qb6 0-1

[Event "Campionatul National de sah pe echipe f"]
[Site "Mamaia-Constanta"]
[Date "2013.09.03"]
[Round "4.4"]
[White "Padurariu, Ioana-Smaranda"]
[Black "Firaru, Roxana-Maria"]
[Result "1-0"]
[WhiteElo "2205"]
[BlackElo "1684"]
[PlyCount "65"]
[EventDate "2013.08.31"]
[EventRounds "9"]
[WhiteTeam "CS POLITEHNICA-ANTIBIOTICE IASI"]
[BlackTeam "CS UNIVERSITATEA ARAD"]

1. e4 e5 2. Nf3 Nc6 3. Bb5 a6 4. Ba4 Nf6 5. d3 b5 6. Bb3 d6 7. a3 Be7 8. O-O
O-O 9. Nc3 Bg4 10. Be3 Na5 11. Ba2 c5 12. h3 Bh5 13. Nd5 Rc8 14. Nxf6+ Bxf6 15.
g4 Bg6 16. Bd5 h6 17. Re1 Nc6 18. c4 Qd7 19. Nd2 Ne7 20. Rc1 Nxd5 21. cxd5 Bd8
22. Re2 h5 23. f3 Qe7 24. Nf1 Ba5 25. Ng3 hxg4 26. hxg4 Qh4 27. Rg2 Bd8 28. Nf5
Bxf5 29. gxf5 Re8 30. Rcc2 Ba5 31. Rce2 Qh5 32. Qf1 Qh3 33. Rxg7+ 1-0

[Event "Campionatul National de sah pe echipe f"]
[Site "Mamaia-Constanta"]
[Date "2013.09.03"]
[Round "4.1"]
[White "Danielian, Elina"]
[Black "Peptan, Corina-Isabela"]
[Result "0-1"]
[WhiteElo "2470"]
[BlackElo "2434"]
[PlyCount "118"]
[EventDate "2013.08.31"]
[EventRounds "9"]
[WhiteTeam "CS AEM LUXTEN TIMISOARA"]
[BlackTeam "CSM BUCURESTI"]

1. d4 Nf6 2. c4 e6 3. Nc3 Bb4 4. Qc2 c5 5. dxc5 O-O 6. a3 Bxc5 7. Nf3 Nc6 8. b4
Be7 9. Bb2 b6 10. Rd1 a6 11. Ng5 h6 12. h4 Re8 13. e3 Bb7 14. Be2 Qb8 15. Na4
Ne5 16. f4 Ng6 17. Bxf6 gxf6 18. Bh5 hxg5 19. Bxg6 f5 20. Bh7+ Kxh7 21. hxg5+
Kg7 22. Nxb6 d6 23. c5 Rh8 24. Rxh8 Qxh8 25. c6 Qh4+ 26. Kf1 Bxc6 27. Qxc6 Rb8
28. Nd7 Rd8 29. Nb6 Rb8 30. Nc4 d5 31. Nb2 Qh1+ 32. Kf2 Qh4+ 33. Ke2 Qg4+ 34.
Kf2 Qh4+ 35. Ke2 Qg4+ 36. Kf2 Qh4+ 37. Kg1 Rh8 38. Qc3+ Kg6 39. Rc1 Qh2+ 40.
Kf1 Qh1+ 41. Kf2 Qh4+ 42. Ke2 Qg4+ 43. Kf2 Qh4+ 44. Ke2 Qh2 45. Kf2 Rh3 46. Rg1
Qxf4+ 47. Ke2 Qg4+ 48. Kf1 d4 49. Qc8 Rh7 50. Nc4 Qd1+ 51. Kf2 Qc2+ 52. Kg3 Qe4
53. exd4 Qg4+ 54. Kf2 Qxd4+ 55. Ke2 Bxg5 56. Rd1 Qg4+ 57. Kf2 Qxd1 58. Ne5+ Kg7
59. Qc7 Qd2+ 0-1

[Event "Campionatul National de sah pe echipe f"]
[Site "Mamaia-Constanta"]
[Date "2013.09.03"]
[Round "4.1"]
[White "Raeva, Elitsa"]
[Black "Atalik, Ekaterina"]
[Result "1/2-1/2"]
[WhiteElo "2292"]
[BlackElo "2431"]
[PlyCount "78"]
[EventDate "2013.08.31"]
[EventRounds "9"]
[WhiteTeam "CS  SÎNANDREI"]
[BlackTeam "CS STUD. MEDICINA TIMISOARA"]

1. c4 b6 2. Nf3 Bb7 3. d4 Nf6 4. g3 c5 5. d5 b5 6. Bg2 bxc4 7. Ne5 d6 8. Nxc4
g6 9. O-O Bg7 10. e4 O-O 11. Re1 Ba6 12. Nbd2 Nbd7 13. Qa4 Bxc4 14. Nxc4 Nb6
15. Qc2 Nxc4 16. Qxc4 Nd7 17. Qc2 Rb8 18. Rb1 Qa5 19. Re3 Bd4 20. Bd2 Qb6 21.
Rb3 Qc7 22. Rxb8 Rxb8 23. Bc3 Bxc3 24. Qxc3 Qb6 25. b3 Qb4 26. Rc1 a5 27. Bh3
Nf6 28. Bg2 Nd7 29. Bh3 Ne5 30. f4 Qd4+ 31. Qxd4 Nf3+ 32. Kf2 Nxd4 33. Rc4 Rb4
34. Rxb4 axb4 35. Bf1 Kg7 36. Bd3 Kf6 37. Ke3 g5 38. h3 gxf4+ 39. gxf4 e5 {
indescifrabil remiza la mutarea 85} 1/2-1/2

[Event "Campionatul National de sah pe echipe f"]
[Site "Mamaia-Constanta"]
[Date "2013.09.03"]
[Round "4.2"]
[White "Sandu, Mihaela"]
[Black "Ionica, Iulia-Ionela"]
[Result "1-0"]
[WhiteElo "2254"]
[BlackElo "2195"]
[PlyCount "67"]
[EventDate "2013.08.31"]
[EventRounds "9"]
[WhiteTeam "CS STUD. MEDICINA TIMISOARA"]
[BlackTeam "CS  SÎNANDREI"]

1. e4 c5 2. Nf3 d6 3. d4 cxd4 4. Nxd4 Nf6 5. Nc3 a6 6. Be2 e6 7. a4 Be7 8. O-O
Nc6 9. Be3 O-O 10. f4 Bd7 11. Kh1 Nxd4 12. Bxd4 Bc6 13. Bd3 Qb8 14. e5 Ne8 15.
Qh5 h6 16. Ne4 Bxe4 17. Bxe4 f5 18. Bd3 Kh7 19. g4 g6 20. Qh3 Ng7 21. Rg1 Qe8
22. Rg2 Qc6 23. Qg3 Rg8 24. exd6 Bxd6 25. Re1 Qc7 26. Bxg7 Rxg7 27. Rxe6 Bxf4
28. Qe1 Rag8 29. gxf5 gxf5 30. Bxf5+ Kh8 31. Qh4 Rf8 32. Rxh6+ Bxh6 33. Qxh6+
Kg8 34. Be6+ 1-0

[Event "Campionatul National de sah pe echipe f"]
[Site "Mamaia-Constanta"]
[Date "2013.09.03"]
[Round "4.4"]
[White "Visanescu, Daria-Ioana"]
[Black "Nevednicii, Alexandra"]
[Result "1-0"]
[WhiteElo "2076"]
[BlackElo "1682"]
[PlyCount "69"]
[EventDate "2013.08.31"]
[EventRounds "9"]
[WhiteTeam "CS STUD. MEDICINA TIMISOARA"]
[BlackTeam "CS  SÎNANDREI"]

1. e4 e5 2. Nf3 Nc6 3. Bc4 Bc5 4. d3 Nf6 5. Bb3 d6 6. c3 O-O 7. Nbd2 Bb6 8. Nf1
Ne7 9. Ng3 Ng6 10. O-O h6 11. h3 Re8 12. Re1 Be6 13. Bc2 c6 14. d4 Bc7 15. Be3
Qd7 16. b3 b5 17. Bd3 Ba5 18. Qc2 Qc7 19. Red1 a6 20. c4 exd4 21. Nxd4 Ne5 22.
Be2 c5 23. Nxe6 fxe6 24. cxb5 axb5 25. Bxb5 Reb8 26. Bc4 Rc8 27. Kh2 Bb4 28.
Bb5 Rd8 29. Kh1 Qb7 30. a4 Nf7 31. f4 Kf8 32. Bf2 Rac8 33. Qe2 Qb6 34. Qc4 d5
35. Qxb4 1-0

[Event "Campionatul National de sah pe echipe f"]
[Site "Mamaia-Constanta"]
[Date "2013.09.03"]
[Round "4.1"]
[White "Papp, Petra"]
[Black "Adam, Andrea"]
[Result "1-0"]
[WhiteElo "2276"]
[BlackElo "1921"]
[PlyCount "73"]
[EventDate "2013.08.31"]
[EventRounds "9"]
[WhiteTeam "CSM LUGOJ"]
[BlackTeam "CSS TG. MURES"]

1. e4 e5 2. Nf3 Nc6 3. Bb5 a6 4. Ba4 Nf6 5. O-O Be7 6. d3 b5 7. Bb3 d6 8. a4
Bg4 9. c3 Na5 10. Bc2 c5 11. h3 Bh5 12. Re1 O-O 13. Nbd2 b4 14. Nf1 bxc3 15.
bxc3 Rb8 16. Rb1 Qd7 17. Rxb8 Rxb8 18. g4 Nxg4 19. hxg4 Qxg4+ 20. Ng3 Qxf3 21.
Nxh5 Qxd1 22. Rxd1 g6 23. Ng3 h5 24. Ba3 h4 25. Nf1 f5 26. Rb1 Rxb1 27. Bxb1
fxe4 28. dxe4 Bg5 29. Bd3 Kg7 30. Bxa6 Kf6 31. Bb2 Nb3 32. Bc4 Na5 33. Bd5 Kg7
34. Kg2 Kh6 35. Ba3 Kh5 36. f3 Bf4 37. Bb4 1-0

[Event "Campionatul National de sah pe echipe f"]
[Site "Mamaia-Constanta"]
[Date "2013.09.03"]
[Round "4.2"]
[White "Sonfalean, Maria-Laura"]
[Black "Uta, Adeline-Ramona"]
[Result "0-1"]
[WhiteElo "1581"]
[BlackElo "2081"]
[PlyCount "66"]
[EventDate "2013.08.31"]
[EventRounds "9"]
[WhiteTeam "CSS TG. MURES"]
[BlackTeam "CSM LUGOJ"]

1. e4 c5 2. Nf3 d6 3. d4 cxd4 4. Nxd4 Nf6 5. Nc3 a6 6. Be2 Nbd7 7. O-O g6 8.
Kh1 Bg7 9. f4 O-O 10. Qe1 Nxe4 11. Nxe4 Bxd4 12. Qh4 Bg7 13. f5 Nf6 14. fxg6
fxg6 15. Ng5 e6 16. Rxf6 Rxf6 17. Qxh7+ Kf8 18. Ne4 Rf5 19. Qxg6 Qh4 20. Ng3
Rf6 21. Qd3 e5 22. Bd2 Qd4 23. Ne4 Qxd3 24. Bxd3 Rg6 25. Bb4 Ke7 26. Rd1 Bg4
27. Nxd6 Bxd1 28. Bxg6 Kd7 29. Nxb7 Rb8 30. Nc5+ Kc6 31. Nxa6 Rd8 32. a4 Be2
33. Nc5 Rd1+ 0-1

[Event "Campionatul National de sah pe echipe f"]
[Site "Mamaia-Constanta"]
[Date "2013.09.03"]
[Round "4.3"]
[White "Lolici, Iselin-Amanda"]
[Black "Magarin, Semela-Amara"]
[Result "1-0"]
[WhiteElo "1931"]
[BlackElo "1426"]
[PlyCount "120"]
[EventDate "2013.08.31"]
[EventRounds "9"]
[WhiteTeam "CSM LUGOJ"]
[BlackTeam "CSS TG. MURES"]

1. c4 e5 2. g3 Nf6 3. Bg2 d5 4. cxd5 Nxd5 5. Nc3 Be6 6. Nf3 Nc6 7. O-O Bd6 8.
d4 exd4 9. Nxd4 Nxc3 10. Nxe6 Nxd1 11. Bxc6+ bxc6 12. Nxd8 Rxd8 13. Rxd1 O-O
14. Be3 Rfe8 15. Rac1 c5 16. Bxc5 Rxe2 17. Bxd6 cxd6 18. Rxd6 Rde8 19. Rb1 g6
20. a3 a5 21. b4 axb4 22. Rxb4 Ra8 23. a4 Ra5 24. Rf6 Kg7 25. Rff4 Ree5 26. Rb7
Rf5 27. Rxf5 gxf5 28. Rb4 Kg6 29. Kg2 f6 30. Kf3 Kg5 31. h4+ Kh5 32. Kf4 Kg6
33. Ke3 Re5+ 34. Kd3 Rc5 35. Rb5 Rc1 36. Ra5 Ra1 37. Ke3 Ra3+ 38. Kf4 Ra2 39.
f3 Ra3 40. g4 fxg4 41. fxg4 Rb3 42. h5+ Kg7 43. Rb5 Ra3 44. a5 Ra1 45. g5 Rf1+
46. Ke4 fxg5 47. Rxg5+ Kf6 48. Rb5 Rd1 49. a6 Ra1 50. Rb6+ Kg5 51. h6 Ra4+ 52.
Kd5 Ra1 53. Kc6 Rc1+ 54. Kb5 Rb1+ 55. Kc6 Rf1 56. a7 Rf6+ 57. Kb5 Rf5+ 58. Ka6
Rf8 59. Rb8 Rf6+ 60. Kb5 Rf5+ 1-0

[Event "Campionatul National de sah pe echipe f"]
[Site "Mamaia-Constanta"]
[Date "2013.09.03"]
[Round "4.4"]
[White "Petculescu, Carina-Stefania"]
[Black "Taposu-Matei, Alexandra"]
[Result "0-1"]
[WhiteElo "1001"]
[BlackElo "1784"]
[PlyCount "68"]
[EventDate "2013.08.31"]
[EventRounds "9"]
[WhiteTeam "CSS TG. MURES"]
[BlackTeam "CSM LUGOJ"]

1. e4 c5 2. Nf3 d6 3. d4 cxd4 4. Nxd4 Nf6 5. Nc3 a6 6. Be2 e6 7. O-O Be7 8. Re1
O-O 9. Nf3 Nc6 10. Bg5 b6 11. Bd3 Qc7 12. e5 dxe5 13. Bxf6 Bxf6 14. Be4 Bb7 15.
Bxc6 Bxc6 16. Qe2 e4 17. Nd2 Rfd8 18. Ndxe4 Bxe4 19. Qxe4 Bxc3 20. bxc3 Qxc3
21. Rad1 Rac8 22. Rxd8+ Rxd8 23. g3 h6 24. Re3 Qa1+ 25. Kg2 Qxa2 26. Rd3 Rxd3
27. cxd3 Qd5 28. Kf1 Qxe4 29. dxe4 Kf8 30. Ke2 Ke7 31. f4 Kd6 32. f5 Ke5 33.
fxe6 fxe6 34. Kd3 a5 0-1

[Event "Campionatul National de sah pe echipe f"]
[Site "Mamaia-Constanta"]
[Date "2013.09.04"]
[Round "5.1"]
[White "Adam, Andrea"]
[Black "Marin, Irina-Luiza"]
[Result "0-1"]
[WhiteElo "1921"]
[BlackElo "2130"]
[PlyCount "66"]
[EventDate "2013.08.31"]
[EventRounds "9"]
[WhiteTeam "CSS TG. MURES"]
[BlackTeam "CLUBUL CENTRAL DE SAH BUCURESTI"]

1. e4 d6 2. d4 Nf6 3. Nc3 g6 4. Bc4 Bg7 5. Bg5 Nc6 6. Nge2 O-O 7. Qd2 Nxe4 8.
Bxf7+ Rxf7 9. Nxe4 d5 10. N4g3 Qd6 11. Bh6 Bxh6 12. Qxh6 Qb4+ 13. c3 Qxb2 14.
O-O e5 15. Rfb1 Qa3 16. h4 Qf8 17. Qe3 exd4 18. cxd4 b6 19. h5 Bd7 20. hxg6
hxg6 21. Qg5 Qd6 22. Rf1 Raf8 23. Rae1 Ne7 24. Nc3 c6 25. Re5 Nf5 26. Nge2 Qf6
27. Qd2 Rh7 28. f4 Qh4 29. Qd3 Qh2+ 30. Kf2 Rh4 31. Nd1 Rg4 32. Rg1 Nh4 33. Ne3
Rgxf4+ 0-1

[Event "Campionatul National de sah pe echipe f"]
[Site "Mamaia-Constanta"]
[Date "2013.09.04"]
[Round "5.2"]
[White "Baciu, Anca-Otilia"]
[Black "Sonfalean, Maria-Laura"]
[Result "1-0"]
[WhiteElo "2126"]
[BlackElo "1581"]
[PlyCount "45"]
[EventDate "2013.08.31"]
[EventRounds "9"]
[WhiteTeam "CLUBUL CENTRAL DE SAH BUCURESTI"]
[BlackTeam "CSS TG. MURES"]

1. e4 e5 2. Nf3 Nc6 3. Bb5 a6 4. Ba4 Nf6 5. d3 b5 6. Bb3 Be7 7. O-O d6 8. c3
Na5 9. Bc2 c5 10. Re1 O-O 11. Nbd2 Nc6 12. Nf1 Qc7 13. Ne3 Be6 14. d4 cxd4 15.
cxd4 Nb4 16. Bb1 Bd7 17. dxe5 dxe5 18. a3 Nc6 19. Nd5 Qd6 20. h3 h6 21. Nxf6+
gxf6 22. Qxd6 Bxd6 23. Rd1 1-0

[Event "Campionatul National de sah pe echipe f"]
[Site "Mamaia-Constanta"]
[Date "2013.09.04"]
[Round "5.4"]
[White "Vasilescu, Maria"]
[Black "Petculescu, Carina-Stefania"]
[Result "1-0"]
[WhiteElo "1880"]
[BlackElo "1001"]
[PlyCount "43"]
[EventDate "2013.08.31"]
[EventRounds "9"]
[WhiteTeam "CLUBUL CENTRAL DE SAH BUCURESTI"]
[BlackTeam "CSS TG. MURES"]

1. e4 e5 2. Nf3 Nc6 3. Bc4 Bc5 4. d3 Nf6 5. Bb3 d5 6. Qe2 dxe4 7. dxe4 O-O 8.
Bg5 Nd4 9. Nxd4 Qxd4 10. Nc3 Bb4 11. O-O Bg4 12. Qb5 Nxe4 13. Nxe4 Qxe4 14. f3
Qd4+ 15. Kh1 Bd7 16. Qxb7 Qxb2 17. Qxb4 Be6 18. Rab1 Rab8 19. Qxb8 Qc3 20. Bxe6
fxe6 21. Qb3 Qxb3 22. cxb3 1-0

[Event "Campionatul National de sah pe echipe f"]
[Site "Mamaia-Constanta"]
[Date "2013.09.04"]
[Round "5.4"]
[White "Lolici, Iselin-Amanda"]
[Black "Visanescu, Daria-Ioana"]
[Result "1-0"]
[WhiteElo "1931"]
[BlackElo "2076"]
[PlyCount "99"]
[EventDate "2013.08.31"]
[EventRounds "9"]
[WhiteTeam "CSM LUGOJ"]
[BlackTeam "CS STUD. MEDICINA TIMISOARA"]

1. c4 e5 2. g3 Nf6 3. Bg2 c6 4. d4 exd4 5. Qxd4 d5 6. cxd5 cxd5 7. Nf3 Nc6 8.
Qa4 Be7 9. O-O O-O 10. Be3 Be6 11. Nc3 Qd7 12. Rfd1 Rfd8 13. Rac1 Ng4 14. Bd4
Qe8 15. h3 Nf6 16. Ne5 a6 17. Nxc6 bxc6 18. e4 Bd7 19. Qa5 Qf8 20. Bxf6 Bxf6
21. exd5 Bxc3 22. Rxc3 cxd5 23. Rxd5 Be6 24. Rdd3 Rab8 25. b3 Rxd3 26. Rxd3 Qc8
27. Rd6 h6 28. Rxa6 Bxh3 29. Bxh3 Qxh3 30. Ra8 Qc8 31. Rxb8 Qxb8 32. b4 Qc8 33.
b5 Qc1+ 34. Kg2 Qc8 35. b6 Qc6+ 36. Kh2 Qf3 37. Qc5 h5 38. Qe3 Qd5 39. a4 h4
40. gxh4 Qd6+ 41. Kg2 Qg6+ 42. Kh3 Qc6 43. a5 Qh1+ 44. Kg3 Qg1+ 45. Kf3 Qd1+
46. Kg2 Qd5+ 47. Qf3 Qxa5 48. b7 Qb6 49. Qe4 Qd8 50. Qc6 1-0

[Event "Campionatul National de sah pe echipe f"]
[Site "Mamaia-Constanta"]
[Date "2013.09.04"]
[Round "5.2"]
[White "Ionica, Iulia-Ionela"]
[Black "Ionescu, Irina"]
[Result "1/2-1/2"]
[WhiteElo "2195"]
[BlackElo "2229"]
[PlyCount "112"]
[EventDate "2013.08.31"]
[EventRounds "9"]
[WhiteTeam "CS  SÎNANDREI"]
[BlackTeam "CSM BUCURESTI"]

1. e4 e5 2. Nf3 Nf6 3. Nc3 Bb4 4. Nxe5 d6 5. Nd3 Bxc3 6. dxc3 Nxe4 7. Nf4 O-O
8. Be2 Nd7 9. O-O Ndf6 10. c4 Re8 11. f3 Nc5 12. b4 Ne6 13. Bd3 a5 14. c3 Nxf4
15. Bxf4 Nh5 16. Bd2 Qf6 17. Qc2 g6 18. f4 Bf5 19. Rae1 Ng7 20. a3 Bxd3 21.
Qxd3 Qf5 22. Qxf5 gxf5 23. Rxe8+ Nxe8 24. Re1 Kf8 25. Be3 axb4 26. axb4 Nf6 27.
Bd4 Ne4 28. g4 Nd2 29. Kf2 fxg4 30. Bf6 Nxc4 31. Kg3 h5 32. Kh4 Nb6 33. Kxh5
Nd5 34. Bd4 Ra2 35. Kxg4 Rxh2 36. Ra1 Rc2 37. Ra3 Ke7 38. Kf5 Kd7 39. Ke4 Ne7
40. Ra7 Kc8 41. Ra8+ Kd7 42. Ra7 b5 43. Ra5 c6 44. f5 Nc8 45. Ra1 Re2+ 46. Kd3
Rh2 47. Ke4 Rh4+ 48. Kf3 d5 49. f6 Re4 50. Ra6 Kc7 51. Ra8 Kb7 52. Ra1 Rh4 53.
Re1 Kc7 54. Ra1 Re4 55. Ra8 Kd7 56. Ra6 Rh4 1/2-1/2

[Event "Campionatul National de sah pe echipe f"]
[Site "Mamaia-Constanta"]
[Date "2013.09.04"]
[Round "5.3"]
[White "Anusca, Madalina-Maria"]
[Black "Rendi, Eva"]
[Result "0-1"]
[WhiteElo "2042"]
[BlackElo "2101"]
[PlyCount "46"]
[EventDate "2013.08.31"]
[EventRounds "9"]
[WhiteTeam "CSM BUCURESTI"]
[BlackTeam "CS  SÎNANDREI"]

1. d4 Nf6 2. Nf3 e6 3. Nbd2 d5 4. e3 c5 5. b3 Nc6 6. Bb2 Bd6 7. Ne5 O-O 8. Nxc6
bxc6 9. Bd3 Qc7 10. dxc5 Be7 11. b4 e5 12. O-O a5 13. a3 Rb8 14. Bc3 Rd8 15.
Rb1 Ng4 16. Be2 d4 17. Bxd4 Nxh2 18. Kxh2 exd4+ 19. Kg1 dxe3 20. fxe3 Bg5 21.
Rb3 Be6 22. c4 Qe5 23. Rf2 a4 0-1

[Event "Campionatul National de sah pe echipe f"]
[Site "Mamaia-Constanta"]
[Date "2013.09.04"]
[Round "5.1"]
[White "Cmilyte, Viktorija"]
[Black "Danielian, Elina"]
[Result "1-0"]
[WhiteElo "2497"]
[BlackElo "2470"]
[PlyCount "89"]
[EventDate "2013.08.31"]
[EventRounds "9"]
[WhiteTeam "CS POLITEHNICA-ANTIBIOTICE IASI"]
[BlackTeam "CS AEM LUXTEN TIMISOARA"]

1. c4 c5 2. Nf3 Nc6 3. Nc3 Nf6 4. g3 d5 5. d4 cxd4 6. Nxd4 dxc4 7. Nxc6 Qxd1+
8. Nxd1 bxc6 9. Bg2 Nd5 10. Ne3 Ba6 11. Nxd5 cxd5 12. Bxd5 Rc8 13. Bd2 e6 14.
Bf3 Bc5 15. Bc3 f6 16. e3 Ke7 17. O-O-O Rb8 18. Rd2 Rhc8 19. h4 Bb7 20. Bxb7
Rxb7 21. h5 e5 22. Rh4 Bd6 23. Kc2 Ke6 24. f4 Rc6 25. e4 Bc5 26. Rd5 Bd4 27.
Rh2 Bxc3 28. Kxc3 Ra6 29. f5+ Kf7 30. Rhd2 Rxa2 31. Rd7+ Rxd7 32. Rxd7+ Kg8 33.
Rb7 a5 34. Kxc4 a4 35. h6 gxh6 36. Kd5 a3 37. b4 Rd2+ 38. Ke6 Rd8 39. Ra7 Rf8
40. b5 h5 41. Rxa3 Rb8 42. Rb3 Rb6+ 43. Kd7 Rb7+ 44. Kc6 Rb8 45. Kc7 1-0

[Event "Campionatul National de sah pe echipe f"]
[Site "Mamaia-Constanta"]
[Date "2013.09.04"]
[Round "5.2"]
[White "Foisor, Cristina-Adela"]
[Black "Bulmaga, Irina"]
[Result "1/2-1/2"]
[WhiteElo "2391"]
[BlackElo "2410"]
[PlyCount "80"]
[EventDate "2013.08.31"]
[EventRounds "9"]
[WhiteTeam "CS AEM LUXTEN TIMISOARA"]
[BlackTeam "CS POLITEHNICA-ANTIBIOTICE IASI"]

1. d4 d5 2. Nf3 Nf6 3. g3 c6 4. Bg2 Bf5 5. Nbd2 e6 6. O-O Nbd7 7. c4 Bd6 8. b3
h6 9. Bb2 Ne4 10. Ne5 Nxe5 11. dxe5 Bc5 12. cxd5 cxd5 13. Nxe4 dxe4 14. b4 Qxd1
15. Rfxd1 Bxb4 16. Rac1 b6 17. g4 Bg6 18. Rc4 Bc5 19. Bxe4 Bxe4 20. Rxe4 Ke7
21. Rd3 Rhd8 22. Kg2 Rd7 23. Ba3 Bxa3 24. Rxa3 Rc8 25. Rea4 Rcc7 26. f4 a5 27.
Rb3 Rc6 28. h4 Rd2 29. Kf3 Rd1 30. h5 Rf1+ 31. Kg2 Rfc1 32. Re4 R1c2 33. a4 Rd2
34. Kf3 Rd1 35. Kf2 Rdc1 36. Rd4 R1c4 37. Ke3 Rc3+ 38. Rd3 R3c4 39. Rd4 Rc3+
40. Rd3 R3c4 1/2-1/2

[Event "Campionatul National de sah pe echipe f"]
[Site "Mamaia-Constanta"]
[Date "2013.09.04"]
[Round "5.3"]
[White "L'ami, Alina"]
[Black "Voicu-Jagodzinsky, Carmen"]
[Result "1-0"]
[WhiteElo "2358"]
[BlackElo "2296"]
[PlyCount "71"]
[EventDate "2013.08.31"]
[EventRounds "9"]
[WhiteTeam "CS POLITEHNICA-ANTIBIOTICE IASI"]
[BlackTeam "CS AEM LUXTEN TIMISOARA"]

1. d4 Nf6 2. c4 c5 3. d5 e6 4. Nc3 exd5 5. cxd5 d6 6. e4 g6 7. f4 Bg7 8. Bb5+
Nfd7 9. Nf3 a6 10. Bd3 b5 11. O-O O-O 12. Kh1 Nb6 13. f5 N8d7 14. Bg5 Bf6 15.
h4 Nc4 16. Bxc4 bxc4 17. Qd2 Qe7 18. Rae1 Bxg5 19. hxg5 f6 20. gxf6 Rxf6 21. g4
Rb8 22. g5 Rf7 23. f6 Qe8 24. e5 Nxe5 25. Nxe5 dxe5 26. Qh2 Qd7 27. Rxe5 Bb7
28. Rf3 Rd8 29. Qe2 Rdf8 30. Qxc4 h6 31. Qe4 hxg5 32. Qxg6+ Kh8 33. Rxg5 Rh7+
34. Kg1 c4 35. f7 Qd8 36. Qxh7+ 1-0

[Event "Campionatul National de sah pe echipe f"]
[Site "Mamaia-Constanta"]
[Date "2013.09.04"]
[Round "5.1"]
[White "Cosma, Elena-Luminita"]
[Black "Florea, Dorina"]
[Result "1-0"]
[WhiteElo "2328"]
[BlackElo "1863"]
[PlyCount "37"]
[EventDate "2013.08.31"]
[EventRounds "9"]
[WhiteTeam "ACS SAH APA NOVA BUCURESTI"]
[BlackTeam "CS UNIVERSITATEA ARAD"]

1. d4 Nf6 2. Nf3 e6 3. g3 b6 4. Bg2 Bb7 5. O-O Be7 6. c4 O-O 7. Re1 c5 8. d5
exd5 9. Nh4 Re8 10. cxd5 d6 11. Nc3 Nbd7 12. e4 g6 13. h3 Nh5 14. Nf5 Bf8 15.
Nh6+ Kg7 16. Ng4 Nhf6 17. Bg5 Be7 18. Bh6+ Kg8 19. Ne3 {indescifrabil 1-0
mutarea 52} 1-0

[Event "Campionatul National de sah pe echipe f"]
[Site "Mamaia-Constanta"]
[Date "2013.09.04"]
[Round "5.2"]
[White "Olea, Liliana"]
[Black "Chirita, Andra-Marina"]
[Result "1/2-1/2"]
[WhiteElo "1888"]
[BlackElo "2024"]
[PlyCount "41"]
[EventDate "2013.08.31"]
[EventRounds "9"]
[WhiteTeam "CS UNIVERSITATEA ARAD"]
[BlackTeam "ACS SAH APA NOVA BUCURESTI"]

1. e4 d5 2. exd5 Qxd5 3. d4 Nf6 4. Nf3 Bg4 5. Be2 e6 6. O-O Be7 7. c4 Qd8 8.
Qb3 Qc8 9. h3 Bf5 10. Nc3 c6 11. Bf4 O-O 12. Rfe1 Nbd7 13. Nh4 Bg6 14. Nxg6
hxg6 15. Bf3 Re8 16. Rac1 Nh5 17. Bh2 Bg5 18. Rcd1 Bf4 19. Bxf4 Nxf4 20. Ne4
Qc7 21. Qe3 $13 1/2-1/2

[Event "Campionatul National de sah pe echipe f"]
[Site "Mamaia-Constanta"]
[Date "2013.09.04"]
[Round "5.3"]
[White "Ilie, Maria-Ruxandra"]
[Black "Berintan, Teodora"]
[Result "1-0"]
[WhiteElo "2011"]
[BlackElo "1849"]
[PlyCount "55"]
[EventDate "2013.08.31"]
[EventRounds "9"]
[WhiteTeam "ACS SAH APA NOVA BUCURESTI"]
[BlackTeam "CS UNIVERSITATEA ARAD"]

1. d4 Nf6 2. Nf3 e6 3. c4 b6 4. g3 Bb7 5. a3 d5 6. cxd5 exd5 7. Nc3 a6 8. Bg2
Be7 9. O-O O-O 10. b4 Ne4 11. Bb2 Nd7 12. Rc1 f5 13. Qb3 c6 14. Nxe4 fxe4 15.
Ne5 Nxe5 16. dxe5 Kh8 17. Rfd1 Qe8 18. Bd4 Bd8 19. Qe3 b5 20. f3 Qg6 21. Qc3
exf3 22. exf3 Qe6 23. Rf1 g5 24. f4 g4 25. f5 Qe8 26. e6+ Kg8 27. Rce1 Bg5 28.
f6 1-0